000 00857nam a22002417a 4500
005 20170124110227.0
010 _aA-678901
020 _c00.00
_a8121505828
035 _aA-678901
037 _bCen Lib/Ret
040 _aDPL
_bEN
082 _a951.5
_bGOL
100 _aGoldstein, Melvyn C.
_941008
245 _aA history of modern Tibet, 1913-1951 :
_cby Melvyn C Goldstein [and] Gelek Rimpoche
_bthe demise of the Lamaist state /
260 _aNew Delhi
_bMunshiram Manoharlal Publishers
_c1989
270 _aPost Box 5715, 54 Rani Jhansi Road
_bNew Delhi
_e110055
300 _axxv,898p.
_c21cm(Hb)
_emaps
500 _aIncludes index
650 _aTibet Autonomous Region (China) -- History
_929443
650 _aChina -- Tibet Autonomous Region
_912238
700 _aRimpoche, Gelek
_941009
942 _2ddc
_cEN
_h951.5
_mGOL
999 _c134536
_d134536